000 00673nam a2200217Ia 4500
008 191130s2002##################000#0#eng##
020 _a9780684851969
022 _a2003266133
040 _aACL
_cACL
082 _a305.26 ROB
100 _aRobison, Nancy
245 _aDear hubby, about your retirement : a guide for staying at home
_cNancy Robison
260 _aNew York
_bSimon & Schuster
_cc2002
300 _a82 p. : ill. ; 19 cm
650 _aHusbands - United States
650 _aRetirees - United States - Life skills guides
650 _aRetirement - United States
990 _aa76386faac10000c0805e07590fa5a40
991 _a342411
999 _c145599
_d145599